000
00333 a2200157 4500
001
64134
020
_a
9788564305335
040
_c
Anchieta - Pituba
100
_a
Vieira, Isabel
240
1
0
_a
Clique para zoar
_l
por
245
1
0
_a
Clique para zoar
300
_a
79
362
0
_a
2012
650
4
_a
Literatura juvenil
942
_c
BK
999
_c
64134
_d
64134